[Event "US Amateur West"]
[Site "?"]
[Date "2009.05.23"]
[Round "1.1"]
[White "Kruml, Joseph"]
[Black "Duren, Fred"]
[Result "1-0"]
[WhiteElo "2165"]
[BlackElo "1794"]
[PlyCount "91"]
[EventDate "2009.??.??"]
[SourceDate "2007.07.20"]

1. b3 f5 2. Bb2 e6 3. e4 Nf6 4. exf5 exf5 5. Qe2+ Qe7 6. Bxf6 gxf6 7. Nc3 c6 8.
O-O-O Qxe2 9. Bxe2 Ba3+ 10. Kb1 O-O 11. Nf3 d5 12. Bd3 Na6 13. Bxa6 bxa6 14.
Nd4 Bd7 15. Rde1 Kf7 16. Nde2 Bd6 17. Kb2 f4 18. d4 Rg8 19. g3 Bg4 20. Nxf4 Bf3
21. Rhg1 Bxf4 22. gxf4 Rxg1 23. Rxg1 Rg8 24. Rg3 Bh5 25. Ka3 Rg4 26. Rxg4 Bxg4
27. Kb4 Ke6 28. Kc5 Kd7 29. Na4 Bf5 30. c4 Bb1 31. Nc3 Be4 32. Nxe4 dxe4 33. d5
cxd5 34. Kxd5 a5 35. Kxe4 Ke6 36. f5+ Kd6 37. Kd4 a6 38. c5+ Kc6 39. Kc4 h6 40.
h3 h5 41. h4 a4 42. b4 a3 43. f3 Kc7 44. Kd5 Kd7 45. c6+ Kc7 46. Kc5 1-0

[Event "US Amateur West"]
[Site "?"]
[Date "2009.05.23"]
[Round "1.2"]
[White "Katzel, Dan"]
[Black "Zhang, Kevin"]
[Result "0-1"]
[WhiteElo "1780"]
[BlackElo "2145"]
[PlyCount "84"]
[EventDate "2009.??.??"]
[SourceDate "2007.07.20"]

1. e4 c6 2. d4 d5 3. Nc3 dxe4 4. Nxe4 Nd7 5. Nf3 Ngf6 6. Nxf6+ Nxf6 7. Bd3 Bg4
8. c3 Qd5 9. Be2 e6 10. O-O Bd6 11. Re1 O-O 12. Ne5 Bxe2 13. Qxe2 h6 14. Bd2 c5
15. dxc5 Bxe5 16. Bxh6 Bxh2+ 17. Kxh2 gxh6 18. b4 Qh5+ 19. Qxh5 Nxh5 20. g3
Rad8 21. Rad1 Nf6 22. c4 Rxd1 23. Rxd1 Rc8 24. Rd4 Kf8 25. Kg2 Ke7 26. a4 Rd8
27. Rh4 h5 28. a5 e5 29. Rh1 Rd4 30. Rc1 Ne4 31. a6 bxa6 32. Ra1 Rxc4 33. Rxa6
Rxb4 34. Rxa7+ Ke6 35. c6 Rc4 36. c7 Nd6 37. Ra5 Rxc7 38. f4 f6 39. fxe5 fxe5
40. Ra2 Rg7 41. Kh2 Ne4 42. Ra6+ Kf5 0-1

[Event "US Amateur West"]
[Site "?"]
[Date "2009.05.23"]
[Round "1.3"]
[White "Marmont, Ben"]
[Black "Wong, Kinsleigh"]
[Result "1-0"]
[WhiteElo "2145"]
[BlackElo "1721"]
[PlyCount "107"]
[EventDate "2009.??.??"]
[SourceDate "2007.07.20"]

1. e4 e5 2. Nf3 d6 3. d4 f5 4. dxe5 fxe4 5. Ng5 d5 6. Be2 Nh6 7. O-O Be7 8.
Bh5+ g6 9. h4 O-O 10. Nc3 c6 11. g3 Nf5 12. Bg4 Bc5 13. Kg2 h6 14. Nh3 Kg7 15.
Nf4 a6 16. Rb1 h5 17. Bh3 Qe8 18. b4 Ba7 19. Nce2 Be6 20. Bb2 Nd7 21. Nxe6+
Qxe6 22. Nf4 Qe8 23. e6+ Nf6 24. Bxf5 gxf5 25. Nxh5+ Kg6 26. Nxf6 Rxf6 27. h5+
Kg7 28. h6+ Kg6 29. Rh1 Qxe6 30. h7 Rh8 31. Qh5+ Kg7 32. Qg5+ Kf7 33. Qxf6+
Qxf6 34. Bxf6 Kxf6 35. Rh6+ Kg7 36. Rbh1 Bd4 37. Rd6 Be5 38. Re6 Bf6 39. Rd6
Kg6 40. Rd7 Rb8 41. Kf1 Be5 42. Ke2 Bd4 43. c4 b5 44. cxd5 cxd5 45. Rxd5 Bc3
46. Rd7 Rc8 47. Rc1 Rc4 48. Rxc3 Rxc3 49. h8=Q Rc2+ 50. Rd2 Rc7 51. Rd6+ Kf7
52. Qh7+ Ke8 53. Qxc7 e3 54. Rd8# 1-0

[Event "US Amateur West"]
[Site "?"]
[Date "2009.05.23"]
[Round "1.4"]
[White "Bennett, James"]
[Black "Mueller, Jason"]
[Result "0-1"]
[WhiteElo "1713"]
[BlackElo "2096"]
[PlyCount "100"]
[EventDate "2009.??.??"]
[SourceDate "2007.07.20"]

1. e4 c5 2. Nf3 d6 3. d4 cxd4 4. Nxd4 Nf6 5. Nc3 g6 6. Be3 Bg7 7. f3 O-O 8. Bc4
Nc6 9. O-O Bd7 10. Qd2 Rc8 11. Bb3 Na5 12. Nd5 Nxd5 13. Bxd5 Qc7 14. c3 Nc4 15.
Bxc4 Qxc4 16. Rad1 a6 17. Bg5 f6 18. Bh6 Qxa2 19. Bxg7 Kxg7 20. f4 e5 21. Nf3
Bb5 22. Rfe1 Rfd8 23. fxe5 dxe5 24. Qf2 Qc4 25. Rxd8 Rxd8 26. Qb6 Rd7 27. h3
Qc6 28. Qe3 Rd3 29. Qf2 Qd6 30. Qg3 Rd1 31. Kh2 Rxe1 32. Qxe1 Qd3 33. Kg3 Bc6
34. Qf2 Qxe4 35. Qd2 g5 36. Kf2 Qf4 37. Qxf4 gxf4 38. Ng1 Bd5 39. Ne2 a5 40.
Nc1 a4 41. Nd3 Kg6 42. Nc5 Bc6 43. Nd3 Kf5 44. Ne1 Be4 45. Ke2 b5 46. Kf2 Ke6
47. Ke2 Kd5 48. Kd2 Kc4 49. Kc1 Kb3 50. Nf3 Bxf3 0-1

[Event "US Amateur West"]
[Site "?"]
[Date "2009.05.23"]
[Round "1.5"]
[White "Purcell, Brendan"]
[Black "Saenz, Adam"]
[Result "1-0"]
[WhiteElo "2096"]
[BlackElo "1681"]
[PlyCount "59"]
[EventDate "2009.??.??"]
[SourceDate "2007.07.20"]

1. e4 e6 2. d4 d5 3. Nc3 Bb4 4. e5 c5 5. Qg4 Ne7 6. dxc5 Bxc3+ 7. bxc3 O-O 8.
Bd3 Nd7 9. Nf3 f5 10. exf6 Nxf6 11. Qh4 Nf5 12. Qh3 Qa5 13. O-O Qxc5 14. a4 Qc7
15. Ba3 Re8 16. g4 Ne7 17. g5 Ne4 18. Bxe7 Rxe7 19. Qh4 Qxc3 20. Bxe4 dxe4 21.
g6 h6 22. Qxe7 Qxf3 23. Qe8+ Qf8 24. Qxf8+ Kxf8 25. Rfe1 Bd7 26. Rxe4 Rc8 27.
Rd1 Bc6 28. Rf4+ Kg8 29. Rfd4 Bd5 30. c4 1-0

[Event "US Amateur West"]
[Site "?"]
[Date "2009.05.23"]
[Round "1.6"]
[White "Shevelev, Michael"]
[Black "Tanner, Robert"]
[Result "0-1"]
[WhiteElo "1672"]
[BlackElo "2084"]
[PlyCount "112"]
[EventDate "2009.??.??"]
[SourceDate "2007.07.20"]

1. e4 e6 2. d4 d5 3. e5 c5 4. Nf3 Nc6 5. Bd3 cxd4 6. a3 Qa5+ 7. Bd2 Bb4 8. O-O
Bxd2 9. Qxd2 Qxd2 10. Nbxd2 Nge7 11. Nb3 Bd7 12. Nbxd4 Nxd4 13. Nxd4 a6 14.
Rac1 Rc8 15. b3 Nc6 16. Nxc6 Rxc6 17. Rfd1 Rc3 18. Be2 Ke7 19. Rd3 Rhc8 20.
Rxc3 Rxc3 21. Bd3 h6 22. f4 Bb5 23. Bxb5 axb5 24. Kf2 g5 25. fxg5 hxg5 26. Ke2
Rc8 27. Kd3 Rh8 28. h3 Rh4 29. c4 bxc4+ 30. bxc4 Re4 31. cxd5 exd5 32. Rc7+ Ke6
33. Rxb7 Ra4 34. Rb3 Kxe5 35. g3 f5 36. Ke3 Ra8 37. h4 gxh4 38. gxh4 Ra4 39. h5
Rh4 40. Rb4 Rxh5 41. a4 Rh3+ 42. Kf2 Ra3 43. Ke2 f4 44. Kf2 d4 45. Ke2 Ke4 46.
Kf2 Ra2+ 47. Kf1 Ke3 48. Rb1 Rxa4 49. Kg2 Ra2+ 50. Kg1 d3 51. Re1+ Re2 52. Rd1
d2 53. Kf1 f3 54. Ra1 Kf4 55. Rb1 Kg3 56. Ra1 Rh2 0-1

[Event "US Amateur West"]
[Site "?"]
[Date "2009.05.23"]
[Round "1.7"]
[White "Ding, Richard"]
[Black "Hampton, Robert"]
[Result "1-0"]
[WhiteElo "2071"]
[BlackElo "1658"]
[PlyCount "77"]
[EventDate "2009.??.??"]
[SourceDate "2007.07.20"]

1. e4 d6 2. d4 Nf6 3. Nc3 Nbd7 4. f4 e5 5. Nf3 exd4 6. Qxd4 Be7 7. Be3 O-O 8.
O-O-O Ng4 9. Bg1 Bf6 10. Qd2 Nb6 11. h3 Bxc3 12. Qxc3 Nf6 13. Bd3 Re8 14. Re1
d5 15. e5 Ne4 16. Bxe4 dxe4 17. Rxe4 Nd5 18. Qd2 Bf5 19. Rd4 Be6 20. f5 c5 21.
Rd3 c4 22. Rd4 c3 23. bxc3 Qa5 24. fxe6 fxe6 25. Kd1 Qxa2 26. Ke2 Rac8 27. Rd3
Qa6 28. Bd4 Rf8 29. Kf2 Nf4 30. Re3 Nd5 31. Re4 Qc6 32. Rhe1 a6 33. Kg1 Rcd8
34. Ng5 Rf5 35. Rh4 h6 36. Ne4 Ne7 37. Rg4 g5 38. h4 Rxe5 39. Nf6+ 1-0

[Event "US Amateur West"]
[Site "?"]
[Date "2009.05.23"]
[Round "1.8"]
[White "Lannon, James"]
[Black "St. Pierre, Joseph"]
[Result "0-1"]
[WhiteElo "1647"]
[BlackElo "2051"]
[PlyCount "85"]
[EventDate "2009.??.??"]
[SourceDate "2007.07.20"]

1. e4 e6 2. d4 d5 3. Nc3 Nf6 4. e5 Nfd7 5. f4 c5 6. Nf3 Nc6 7. Bb5 a6 8. Bxc6
bxc6 9. O-O cxd4 10. Nxd4 c5 11. Nf3 g6 12. Re1 Bb7 13. Qe2 Qb6 14. Kh1 h5 15.
b3 Qc6 16. h3 Rd8 17. Bd2 Nb6 18. Rad1 d4 19. Ne4 Qxe4 20. Qxe4 Bxe4 21. Rxe4
Nd5 22. b4 d3 23. cxd3 cxb4 24. Nd4 Rc8 25. Rc1 Rxc1+ 26. Bxc1 Nc3 27. Re1 Bc5
28. Nb3 Bb6 29. a3 bxa3 30. Bxa3 Kd7 31. Rc1 Rc8 32. Bb4 Ne2 33. Rxc8 Kxc8 34.
Bd2 h4 35. Nc1 Nxc1 36. Bxc1 Bf2 37. g4 hxg3 38. Kg2 a5 39. Bb2 a4 40. f5 exf5
41. h4 Kd7 42. d4 Kc6 43. Kf3 0-1

[Event "US Amateur West"]
[Site "?"]
[Date "2009.05.23"]
[Round "1.9"]
[White "Thompson, Nick"]
[Black "Haynes, Gordon"]
[Result "1-0"]
[WhiteElo "2044"]
[BlackElo "1645"]
[PlyCount "41"]
[EventDate "2009.??.??"]
[SourceDate "2007.07.20"]

1. e4 c5 2. Nf3 e6 3. d4 cxd4 4. Nxd4 Nc6 5. Nc3 a6 6. Be3 Qc7 7. Qd2 Nf6 8. f3
Bb4 9. O-O-O O-O 10. g4 h6 11. h4 Ne5 12. h5 Bxc3 13. bxc3 Nc4 14. Bxc4 Qxc4
15. Kb2 d5 16. Rdg1 dxe4 17. g5 e5 18. gxf6 exd4 19. Rxg7+ Kh8 20. Bxd4 Be6 21.
Qxh6# 1-0

[Event "US Amateur West"]
[Site "?"]
[Date "2009.05.23"]
[Round "1.10"]
[White "Noble, Matthew"]
[Black "Keough, Robert"]
[Result "0-1"]
[WhiteElo "1641"]
[BlackElo "2009"]
[PlyCount "40"]
[EventDate "2009.??.??"]
[SourceDate "2007.07.20"]

1. e4 c5 2. Nf3 d6 3. d4 cxd4 4. Nxd4 Nf6 5. Nc3 g6 6. Be3 Bg7 7. f3 O-O 8. Qd2
Nc6 9. O-O-O Bd7 10. g4 Ne5 11. Qf2 Rc8 12. h4 Rxc3 13. bxc3 Qa5 14. g5 Nh5 15.
f4 Ng4 16. Qg1 Qxc3 17. Rd3 Qe1+ 18. Kb2 Nxe3 19. Qxe3 Qxe3 20. Rxe3 Bxd4+ 0-1

[Event "US Amateur West"]
[Site "?"]
[Date "2009.05.23"]
[Round "1.11"]
[White "Mateer, Amanda"]
[Black "Arnold, Justin"]
[Result "1-0"]
[WhiteElo "2002"]
[BlackElo "1630"]
[PlyCount "59"]
[EventDate "2009.??.??"]
[SourceDate "2007.07.20"]

1. d4 Nf6 2. c4 c5 3. d5 b5 4. Bg5 Ne4 5. Bf4 d6 6. f3 Qa5+ 7. Nd2 Nf6 8. e4
bxc4 9. Bxc4 Bb7 10. Qb3 Qc7 11. Bb5+ Nbd7 12. Nc4 Rb8 13. Bd2 Ba6 14. a4 Bxb5
15. axb5 Nb6 16. Na5 Nfd7 17. Nc6 Rb7 18. Nh3 Ne5 19. O-O Nxc6 20. dxc6 Rb8 21.
Ra6 g6 22. Rfa1 Ra8 23. Ba5 Rb8 24. Bc3 Rg8 25. Rxa7 Qc8 26. Ba5 Na8 27. Ng5
Rg7 28. c7 Rb7 29. b6 Rxa7 30. Qb5+ 1-0

[Event "US Amateur West"]
[Site "?"]
[Date "2009.05.23"]
[Round "2.1"]
[White "Feldstein, Robert"]
[Black "Kruml, Joseph"]
[Result "0-1"]
[WhiteElo "2000"]
[BlackElo "2165"]
[PlyCount "118"]
[EventDate "2009.??.??"]
[SourceDate "2007.07.20"]

1. Nf3 Nf6 2. c4 c5 3. Nc3 e6 4. e4 d6 5. d4 cxd4 6. Nxd4 Be7 7. Bd3 a6 8. O-O
Nbd7 9. Qe2 O-O 10. Kh1 Qc7 11. f4 b6 12. Be3 Bb7 13. Rac1 Nc5 14. Bf2 Nxd3 15.
Qxd3 Rac8 16. b3 Qb8 17. Rfe1 Qa8 18. Nf3 b5 19. cxb5 axb5 20. Nd2 b4 21. Na4
Rxc1 22. Rxc1 Nxe4 23. Nxe4 Bxe4 24. Qf1 Rc8 25. Rxc8+ Qxc8 26. Nb6 Qc2 27. h4
h5 28. Be1 d5 29. Qf2 Qb1 30. Kh2 Bc5 31. Qxc5 Qxe1 32. Nd7 Qxh4+ 33. Kg1 Qxf4
34. Qf2 Qxf2+ 35. Kxf2 Bb1 36. Nc5 Bxa2 37. Ke3 g5 38. Kd2 h4 39. Kc2 g4 40.
Nd3 h3 41. gxh3 gxh3 42. Nf2 h2 43. Kb2 Bxb3 44. Kxb3 e5 45. Kxb4 Kg7 46. Kc5
d4 47. Kc4 Kg6 48. Kd3 f5 49. Ke2 e4 50. Kf1 e3 51. Nh1 d3 52. Ke1 f4 53. Kd1
f3 54. Ke1 Kg5 55. Ng3 Kg4 56. Nh1 Kh3 57. Kf1 d2 58. Nf2+ Kh4 59. Nh1 d1=Q#
0-1

[Event "US Amateur West"]
[Site "?"]
[Date "2009.05.23"]
[Round "2.2"]
[White "Cayton, Ralph"]
[Black "Marmont, Ben"]
[Result "1/2-1/2"]
[WhiteElo "1974"]
[BlackElo "2145"]
[PlyCount "56"]
[EventDate "2009.??.??"]
[SourceDate "2007.07.20"]

1. d4 Nf6 2. Nf3 e6 3. c4 c5 4. Nc3 cxd4 5. Nxd4 a6 6. e3 Qc7 7. Be2 Be7 8. O-O
O-O 9. Bd2 d6 10. Rc1 Nbd7 11. b3 Rb8 12. e4 b6 13. f3 Bb7 14. Be3 Rfe8 15. Qd2
Rbc8 16. Rfe1 Qb8 17. Bf1 Bd8 18. Qf2 Bc7 19. g3 Qa8 20. Bg2 d5 21. cxd5 exd5
22. Nxd5 Nxd5 23. exd5 Bxd5 24. Bh3 Re7 25. Nf5 Re6 26. Nd4 Re7 27. Nf5 Re6 28.
Nd4 Re7 1/2-1/2

[Event "US Amateur West"]
[Site "?"]
[Date "2009.05.23"]
[Round "2.3"]
[White "Zhang, Kevin"]
[Black "Hu, Bryan"]
[Result "1-0"]
[WhiteElo "2145"]
[BlackElo "1987"]
[PlyCount "63"]
[EventDate "2009.??.??"]
[SourceDate "2007.07.20"]

1. e4 e5 2. Nf3 Nc6 3. d4 exd4 4. Bc4 Nf6 5. O-O Nxe4 6. Re1 d5 7. Bxd5 Qxd5 8.
Nc3 Qa5 9. Nxe4 Be6 10. Neg5 O-O-O 11. Nxe6 fxe6 12. Rxe6 Qf5 13. Qe2 h6 14.
Nh4 Qf7 15. Qg4 Qd7 16. Ng6 Rg8 17. Bd2 Bd6 18. Rae1 Rge8 19. h3 Rxe6 20. Rxe6
Bb4 21. Bxb4 Nxb4 22. Ne5 h5 23. Qf5 g6 24. Nxg6 Kb8 25. Nf4 Nxa2 26. Qxh5 Nb4
27. Qf5 Qa4 28. Qf6 Qd7 29. Re7 Qa4 30. Rxc7 Qe8 31. Re7 Qb5 32. Ne6 1-0

[Event "US Amateur West"]
[Site "?"]
[Date "2009.05.23"]
[Round "2.4"]
[White "Mueller, Jason"]
[Black "Thakur, Ashu"]
[Result "1/2-1/2"]
[WhiteElo "2096"]
[BlackElo "1973"]
[PlyCount "145"]
[EventDate "2009.??.??"]
[SourceDate "2007.07.20"]

1. e4 e6 2. d4 d5 3. Nd2 Nf6 4. e5 Nfd7 5. Bd3 c5 6. c3 Nc6 7. Ne2 cxd4 8. cxd4
Nb6 9. O-O Be7 10. f4 O-O 11. Rf3 f5 12. exf6 Bxf6 13. Rh3 g6 14. Nf3 e5 15.
fxe5 Bxh3 16. exf6 Qxf6 17. Bg5 Qf7 18. Bh6 Bxg2 19. Bxf8 Rxf8 20. Kxg2 Qxf3+
21. Kg1 Qf2+ 22. Kh1 Nxd4 23. Nxd4 Qxd4 24. Qe2 Qf2 25. Qe6+ Qf7 26. Qxf7+ Rxf7
27. Kg2 Kg7 28. Rc1 Kf8 29. b3 Ke7 30. Be2 Kd7 31. Bf3 Kd6 32. Kg3 h6 33. h4
Rf5 34. Bg4 Rf6 35. Bf3 Nd7 36. Rd1 Rf5 37. Bg4 Re5 38. Rf1 Re7 39. Rd1 Ne5 40.
Bh3 Nc6 41. Bg2 Re5 42. Bf3 Ne7 43. Kf2 Nf5 44. h5 g5 45. b4 g4 46. Bxg4 Ne3
47. Rg1 Nxg4+ 48. Rxg4 Rxh5 49. Rg6+ Ke5 50. Rg7 Rh2+ 51. Ke3 Rxa2 52. Re7+ Kd6
53. Rxb7 Kc6 54. Rh7 Kb5 55. Kd4 Ra6 56. Rb7+ Kc6 57. Rh7 h5 58. Rxh5 Kb5 59.
Rxd5+ Kxb4 60. Rd7 Kb5 61. Rb7+ Kc6 62. Rb8 Rb6 63. Rxb6+ axb6 64. Kc4 b5+ 65.
Kb4 Kb6 66. Kb3 Kc5 67. Kc3 b4+ 68. Kb3 Kb5 69. Kb2 Kc4 70. Kc2 b3+ 71. Kb2 Kb4
72. Kb1 Kc3 73. Kc1 1/2-1/2

[Event "US Amateur West"]
[Site "?"]
[Date "2009.05.23"]
[Round "2.5"]
[White "Lebovitz, Andrew"]
[Black "Purcell, Brendan"]
[Result "1-0"]
[WhiteElo "1964"]
[BlackElo "2096"]
[PlyCount "47"]
[EventDate "2009.??.??"]
[SourceDate "2007.07.20"]

1. d4 d5 2. c4 c6 3. Nc3 e5 4. dxe5 d4 5. Ne4 Qa5+ 6. Bd2 Qxe5 7. Ng3 Nf6 8.
Nf3 Qd6 9. Qc2 Be7 10. O-O-O c5 11. e3 dxe3 12. fxe3 Nc6 13. a3 O-O 14. Bc3 Qc7
15. Bd3 a6 16. Ng5 Ne5 17. Bxh7+ Kh8 18. Bf5 g6 19. Bxc8 Raxc8 20. Rdf1 Neg4
21. N3e4 Kg7 22. Nxf6 Bxf6 23. Rxf6 Kh6 24. Nxf7+ 1-0

[Event "US Amateur West"]
[Site "?"]
[Date "2009.05.23"]
[Round "2.6"]
[White "Tanner, Robert"]
[Black "Pecherski, Daniel"]
[Result "1-0"]
[WhiteElo "2084"]
[BlackElo "1955"]
[PlyCount "102"]
[EventDate "2009.??.??"]
[SourceDate "2007.07.20"]

1. e4 e6 2. d4 d5 3. exd5 exd5 4. c4 Nf6 5. Nc3 Bb4 6. Bd3 O-O 7. Nge2 Nc6 8.
O-O Bxc3 9. bxc3 h6 10. Ng3 b6 11. cxd5 Qxd5 12. Re1 Bb7 13. Ne4 Nxe4 14. Bxe4
Qd7 15. Bf4 Rad8 16. Qh5 f5 17. Bc2 Ne7 18. Re5 Qc6 19. Bb3+ Kh8 20. Qh3 Ng6
21. Bxh6 Qxg2+ 22. Qxg2 Bxg2 23. Re6 Nh4 24. Bg5 Nf3+ 25. Kxg2 Nxg5 26. Re7 Rc8
27. f3 a6 28. Rae1 c5 29. h4 Nh7 30. dxc5 Rxc5 31. Re8 Rc8 32. Rxc8 Rxc8 33.
Re6 Rb8 34. Bc2 f4 35. Bd3 a5 36. Bb5 Nf6 37. c4 Kg8 38. Rd6 Kf7 39. Rd4 Nh5
40. Kh3 g6 41. Kg4 Ke6 42. Kg5 Rf8 43. Rd7 Rb8 44. Kxg6 Nf6 45. Rg7 Rd8 46. Rb7
Rg8+ 47. Rg7 Rd8 48. Kg5 Rh8 49. Rb7 Rh5+ 50. Kxf4 Rxh4+ 51. Ke3 Nd7 1-0

[Event "US Amateur West"]
[Site "?"]
[Date "2009.05.23"]
[Round "2.7"]
[White "Farmer, Stephen"]
[Black "Ding, Richard"]
[Result "0-1"]
[WhiteElo "1951"]
[BlackElo "2071"]
[PlyCount "66"]
[EventDate "2009.??.??"]
[SourceDate "2007.07.20"]

1. e4 e6 2. d4 d5 3. Nc3 Bb4 4. e5 c5 5. a3 Bxc3+ 6. bxc3 Qa5 7. Bd2 Qa4 8. Qb1
c4 9. h4 Nc6 10. Rh3 f6 11. f4 Nge7 12. Qd1 Bd7 13. exf6 gxf6 14. Qh5+ Ng6 15.
f5 exf5 16. Qf3 Nce7 17. h5 Nf8 18. Kd1 O-O-O 19. Bf4 Ne6 20. Bd6 Ng5 21. Qf4
Nc6 22. Re3 Ne4 23. Rxe4 fxe4 24. Bc7 Rde8 25. Rb1 Qxa3 26. Rb5 Qxc3 27. Rxd5
e3 28. Nf3 Nb4 29. Rc5 Qxc2+ 30. Ke1 Qf2+ 31. Kd1 e2+ 32. Kc1 e1=Q+ 33. Nxe1
Rxe1# 0-1

[Event "US Amateur West"]
[Site "?"]
[Date "2009.05.23"]
[Round "2.8"]
[White "St. Pierre, Joseph"]
[Black "Riese, Kayven"]
[Result "1-0"]
[WhiteElo "2051"]
[BlackElo "1934"]
[PlyCount "39"]
[EventDate "2009.??.??"]
[SourceDate "2007.07.20"]

1. e4 c5 2. Nf3 d6 3. d4 cxd4 4. Nxd4 Nf6 5. Nc3 Nbd7 6. Bc4 a6 7. Bb3 e6 8.
O-O Nc5 9. Qf3 b5 10. Bg5 Bb7 11. Rfe1 Be7 12. Rad1 Qc7 13. Bxf6 gxf6 14. Qh5
Bc8 15. Nf5 Bf8 16. Qh4 Nxb3 17. Qxf6 Rg8 18. cxb3 Rg6 19. Qh8 Qb7 20. Nxd6+
1-0

[Event "US Amateur West"]
[Site "?"]
[Date "2009.05.23"]
[Round "2.11"]
[White "Maneth, Jacob"]
[Black "Mateer, Amanda"]
[Result "0-1"]
[WhiteElo "1857"]
[BlackElo "2002"]
[PlyCount "66"]
[EventDate "2009.??.??"]
[SourceDate "2007.07.20"]

1. d4 Nf6 2. Nf3 e6 3. e3 b6 4. Bd3 Bb7 5. O-O c5 6. b3 Rg8 7. c4 g5 8. Bb2 Be7
9. dxc5 bxc5 10. Nc3 Qc7 11. Re1 Ng4 12. Nb5 Qc6 13. e4 a6 14. Nfd4 cxd4 15.
Nxd4 Qb6 16. Qxg4 Bc5 17. e5 h5 18. Qxh5 Bxd4 19. Bxd4 Qxd4 20. Rad1 Qh4 21.
Qe2 Rh8 22. h3 Bxg2 23. Be4 Bxe4 24. Qxe4 Qxe4 25. Rxe4 Rxh3 26. Rg4 Rh5 27.
Kg2 Nc6 28. f4 Ke7 29. Re1 gxf4 30. Rxf4 Rg8+ 31. Kf3 Nxe5+ 32. Ke3 Rh3+ 33.
Ke4 Nd3 0-1

[Event "US Amateur West"]
[Site "?"]
[Date "2009.05.23"]
[Round "2"]
[White "Castillo, Tobias"]
[Black "Woodson, Landon"]
[Result "1/2-1/2"]
[WhiteElo "1274"]
[BlackElo "1169"]
[PlyCount "116"]
[EventDate "2009.??.??"]
[SourceDate "2007.07.20"]

1. d4 e6 2. e4 d5 3. Nc3 c5 4. Nf3 Nc6 5. Be3 Qb6 6. Bb5 Nf6 7. e5 Ne4 8. Bxc6+
bxc6 9. Na4 Qa5+ 10. c3 Ba6 11. Nd2 Nxd2 12. Bxd2 cxd4 13. cxd4 Bb4 14. Nc3 O-O
15. a3 Be7 16. b4 Qb6 17. Be3 f6 18. f4 fxe5 19. fxe5 Rf7 20. Qd2 Raf8 21.
O-O-O Bc4 22. Bg5 Qa6 23. Bxe7 Qxa3+ 24. Qb2 Qxb2+ 25. Kxb2 Rxe7 26. Na4 Rf2+
27. Kc3 Rxg2 28. Nc5 Rf7 29. Rd2 Rf3+ 30. Kc2 Rxd2+ 31. Kxd2 Kf7 32. Ra1 Rf2+
33. Ke3 Ra2 34. Rxa2 Bxa2 35. Nb7 Ke7 36. Nc5 Bc4 37. Nb7 Kd7 38. Nd6 Kc7 39.
Nf7 h6 40. Nd6 Kb6 41. Kd2 a5 42. bxa5+ Kxa5 43. Ne8 Ba6 44. Nxg7 Bc8 45. Kc3
Bd7 46. Nh5 Kb5 47. Nf6 Bc8 48. h4 c5 49. Ng8 cxd4+ 50. Kxd4 h5 51. Nf6 Kc6 52.
Nxh5 Kd7 53. Nf6+ Ke7 54. h5 Ba6 55. h6 Kf7 56. Nxd5 exd5 57. Kxd5 Kg6 58. Kc6
Bc8 1/2-1/2

[Event "US Amateur West"]
[Site "?"]
[Date "2009.05.23"]
[Round "2"]
[White "DeElena, Matthew"]
[Black "Angeli, Peter"]
[Result "1-0"]
[WhiteElo "1534"]
[BlackElo "1336"]
[PlyCount "57"]
[EventDate "2009.??.??"]
[SourceDate "2007.07.20"]

1. e4 d5 2. d4 dxe4 3. Nc3 Nf6 4. f3 exf3 5. Nxf3 Bf5 6. Bc4 e6 7. Bg5 Be7 8.
Qe2 Nc6 9. O-O-O h6 10. Bxf6 gxf6 11. d5 exd5 12. Bxd5 Bd7 13. Bxc6 bxc6 14.
Rhe1 Kf8 15. Rd3 Bd6 16. Qe4 Qe8 17. Qd4 Qd8 18. Ne4 Kg7 19. Nxd6 cxd6 20. Qxd6
Bg4 21. Qg3 Qc8 22. h3 h5 23. hxg4 hxg4 24. Rd4 f5 25. Qe5+ f6 26. Qe7+ Kg6 27.
Ne5+ fxe5 28. Rd6+ Kh5 29. Rh1# 1-0

[Event "US Amateur West"]
[Site "?"]
[Date "2009.05.23"]
[Round "2"]
[White "Kahl, Jordan"]
[Black "Coulter, Jon"]
[Result "1/2-1/2"]
[WhiteElo "1145"]
[BlackElo "811"]
[PlyCount "48"]
[EventDate "2009.??.??"]
[SourceDate "2007.07.20"]

1. e4 d6 2. d4 Nf6 3. Nc3 g6 4. Nf3 Bg7 5. Bc4 Nxe4 6. Bd3 Nxc3 7. bxc3 O-O 8.
O-O c5 9. Bg5 Bg4 10. Re1 Nc6 11. h3 Be6 12. Bb5 Rb8 13. Re3 a6 14. Bxc6 bxc6
15. Qe2 Qc8 16. Bxe7 Re8 17. Bxd6 Rb5 18. Bxc5 Bh6 19. Re4 f5 20. Re5 Bf4 21.
c4 Rb7 22. Re1 Kf7 23. g3 Bxe5 24. Qxe5 h6 1/2-1/2

[Event "US Amateur West"]
[Site "?"]
[Date "2009.05.23"]
[Round "2"]
[White "Martinez, Cepheus"]
[Black "Mulholland, Casper"]
[Result "0-1"]
[WhiteElo "1159"]
[BlackElo "1272"]
[PlyCount "94"]
[EventDate "2009.??.??"]
[SourceDate "2007.07.20"]

1. c4 Nf6 2. Nc3 e5 3. g3 d5 4. cxd5 Nxd5 5. Nxd5 Qxd5 6. Nf3 e4 7. Ng1 e3 8.
f3 Bb4 9. Qc2 Bxd2+ 10. Bxd2 exd2+ 11. Qxd2 Qe5 12. O-O-O Nc6 13. Bg2 O-O 14.
f4 Qc5+ 15. Kb1 Be6 16. Rc1 Qb6 17. Qc2 Qa6 18. a3 Rab8 19. Bxc6 bxc6 20. Qxc6
Qxa3 21. Qc3 Qa2+ 22. Kc2 Bf5+ 23. Kd1 Rxb2 24. Nf3 Rd8+ 25. Nd4 Be4 26. Rf1 a5
27. Ke1 h6 28. Rf2 a4 29. Qe3 Qd5 30. Rd1 c5 31. Qa3 Ra2 32. Qc3 cxd4 33. Qb4
d3 34. exd3 Rxf2 35. Kxf2 Bg2 36. Qxa4 Qf3+ 37. Kg1 Rxd3 38. Qe8+ Kh7 39. Re1
Rd2 40. Qe3 Qxe3+ 41. Rxe3 Bh3 42. Re7 Kg6 43. Re5 f6 44. Ra5 h5 45. g4 hxg4
46. Rf5 Kxf5 47. Kh1 Rd1# 0-1

[Event "US Amateur West"]
[Site "?"]
[Date "2009.05.23"]
[Round "2"]
[White "Quesada, Richard"]
[Black "Aletheia-Zomlefer, Soren"]
[Result "0-1"]
[WhiteElo "1333"]
[BlackElo "1488"]
[PlyCount "109"]
[EventDate "2009.??.??"]
[SourceDate "2007.07.20"]

1. e4 e6 2. Nf3 d5 3. exd5 exd5 4. d4 Bd6 5. Be3 Nf6 6. h3 O-O 7. Bd3 Re8 8.
O-O Be6 9. Bg5 h6 10. Bh4 Nbd7 11. Re1 c6 12. c3 c5 13. Nbd2 Qb6 14. Qc2 c4 15.
Bf1 Rac8 16. b3 cxb3 17. axb3 Bb4 18. Re3 a6 19. Ne5 Qxd4 20. Bxf6 Nxf6 21.
Nef3 Qb6 22. Qb2 Bc5 23. Nd4 Bxd4 24. cxd4 Bf5 25. Rxe8+ Rxe8 26. Rc1 Ne4 27.
Nxe4 Bxe4 28. f3 Bg6 29. Qc3 Qe6 30. Kf2 Qe7 31. Re1 Qxe1+ 32. Qxe1 Rxe1 33.
Kxe1 Bc2 34. b4 b5 35. Kd2 Bb3 36. Bd3 g6 37. g4 Bc4 38. Be2 Bxe2 39. Kxe2 g5
40. Ke3 Kf8 41. f4 f6 42. f5 Ke7 43. Kd3 Kd7 44. Kc3 Kc6 45. Kb3 Kb6 46. Kc3 a5
47. Kb3 Ka6 48. Ka3 axb4+ 49. Kxb4 Kb6 50. Ka3 Ka5 51. Kb3 b4 52. Ka2 Ka4 53.
Kb2 b3 54. Ka1 Ka3 55. Kb1 0-1

[Event "US Amateur West"]
[Site "?"]
[Date "2009.05.24"]
[Round "3.1"]
[White "Kruml, Joseph"]
[Black "St. Pierre, Joseph"]
[Result "1/2-1/2"]
[WhiteElo "2165"]
[BlackElo "2051"]
[PlyCount "64"]
[EventDate "2009.??.??"]
[SourceDate "2007.07.20"]

1. b3 Nf6 2. Bb2 c5 3. Nf3 Nc6 4. e3 d5 5. Bb5 Bg4 6. h3 Bxf3 7. Qxf3 Qb6 8. c4
a6 9. Bxc6+ Qxc6 10. Bxf6 Qxf6 11. Qxf6 gxf6 12. cxd5 O-O-O 13. Nc3 f5 14. Rc1
b6 15. f3 Bg7 16. e4 Rhg8 17. g4 fxe4 18. fxe4 h5 19. Ne2 hxg4 20. hxg4 Bf6 21.
Rg1 Bg5 22. b4 e6 23. bxc5 exd5 24. cxb6+ Kb7 25. exd5 Rxd5 26. Rc2 Rgd8 27. d4
Be3 28. Rf1 R8d7 29. Rf6 Bxd4 30. Nxd4 Rxd4 31. Rc7+ Rxc7 32. bxc7 Rxg4 1/2-1/2

[Event "US Amateur West"]
[Site "?"]
[Date "2009.05.24"]
[Round "3.2"]
[White "Thompson, Nick"]
[Black "Zhang, Kevin"]
[Result "1/2-1/2"]
[WhiteElo "2044"]
[BlackElo "2145"]
[PlyCount "84"]
[EventDate "2009.??.??"]
[SourceDate "2007.07.20"]

1. e4 c6 2. d4 d5 3. Nc3 dxe4 4. Nxe4 Nd7 5. Ng5 Ngf6 6. Bd3 e6 7. Qe2 Bd6 8.
N1f3 h6 9. Ne4 Nxe4 10. Qxe4 Qc7 11. Qg4 g5 12. Qh3 Bf4 13. Bxf4 Qxf4 14. Qg3
Qxg3 15. hxg3 f6 16. O-O-O Kf7 17. g4 b6 18. c4 Bb7 19. Kc2 c5 20. d5 exd5 21.
cxd5 Rad8 22. Bf5 Nf8 23. d6 Ng6 24. Rhe1 Rhe8 25. Bxg6+ Kxg6 26. Re7 Rxe7 27.
dxe7 Re8 28. Rd7 Bc8 29. Rxa7 Bxg4 30. Nd2 Kf7 31. Nc4 Rxe7 32. Rxe7+ Kxe7 33.
Nxb6 Be6 34. b3 Kd6 35. Kd3 f5 36. Ke3 Kc6 37. Na4 Kb5 38. Nb2 Bd5 39. g3 h5
40. f3 Be6 41. Nd3 Kc6 42. Nf2 Kb5 1/2-1/2